[Event "La Rosiere op"]
[Site "Bourg Saint Maurice"]
[Date "2013.08.29"]
[Round "5"]
[White "Vervandier, Remy"]
[Black "Breysse, Fiora"]
[Result "0-1"]
[WhiteElo "1450"]
[BlackElo "1406"]
[PlyCount "126"]
[EventDate "2013.08.25"]
[EventType "swiss"]
[EventRounds "7"]
[EventCountry "FRA"]
[SourceTitle "EXT 2015"]
[Source "ChessBase"]
[SourceDate "2014.11.20"]
[SourceVersion "1"]
[SourceVersionDate "2014.11.20"]
[SourceQuality "1"]

1. e4 d6 2. d4 Nf6 3. Nc3 g6 4. Nf3 Bg7 5. Bc4 0-0 6. h3 c6 7. Be3 b5 8. Bb3 b4 9. Ne2 Nxe4 10. 0-0 Ba6 11. Re1 Bxe2 12. Rxe2 a5 13. a4 Nd7 14. Qd3 Nef6 15. c3 e5 16. Ng5 h6 17. Ne4 d5 18. Nxf6+ Qxf6 19. f3 Rab8 20. Rb1 Rfe8 21. Bf2 bxc3 22. bxc3 Qf5 23. Qd1 exd4 24. Rxe8+ Rxe8 25. cxd4 Qe6 26. Qd2 Ra8 27. Re1 Qd6 28. Be3 Qb4 29. Qd1 Nf8 30. Re2 Ne6 31. Rd2 Rb8 32. Bc2 Qc4 33. Bd3 Qb3 34. Qa1 Rb4 35. Qc1 Qxa4 36. Rc2 Bxd4 37. Kh2 Bxe3 38. Qxe3 Rb3 39. Rd2 Qf4+ 40. Qxf4 Nxf4 41. Ba6 Rc3 42. Ra2 Rc5 43. Kg3 Ne6 44. Kf2 Kg7 45. Ke3 Kf6 46. g3 g5 47. f4 gxf4+ 48. gxf4 Rc3+ 49. Kd2 Rxh3 50. Rxa5 Nd8 51. Bd3 h5 52. Kc3 h4 53. Ra2 c5 54. Ra6+ Kg7 55. Kd2 Rg3 56. Rd6 Ne6 57. Rxd5 Nxf4 58. Rxc5 Rxd3+ 59. Ke1 Rf3 60. Rg5+ Kh6 61. Rg1 Kh5 62. Rg7 Kh6 63. Rxf7 Nd3+ 0-1

[Event "La Rosiere op"]
[Site "Bourg Saint Maurice"]
[Date "2013.08.27"]
[Round "3"]
[White "Vervandier, Remy"]
[Black "Labarthe, Arnaud"]
[Result "0-1"]
[WhiteElo "1450"]
[BlackElo "1851"]
[PlyCount "106"]
[EventDate "2013.08.25"]
[EventType "swiss"]
[EventRounds "7"]
[EventCountry "FRA"]
[SourceTitle "EXT 2015"]
[Source "ChessBase"]
[SourceDate "2014.11.20"]
[SourceVersion "1"]
[SourceVersionDate "2014.11.20"]
[SourceQuality "1"]

1. e4 d5 2. e5 Bf5 3. d4 e6 4. Nf3 c5 5. c4 cxd4 6. Nxd4 Bxb1 7. Rxb1 Qa5+ 8. Bd2 Bb4 9. a3 Bxd2+ 10. Qxd2 Qxd2+ 11. Kxd2 Ne7 12. cxd5 Nxd5 13. Bb5+ Ke7 14. Rhe1 Nd7 15. Rbc1 a6 16. Ba4 Rhc8 17. Nf3 Nc5 18. Bc2 Rd8 19. Ke2 Nf4+ 20. Kf1 Rd7 21. b4 Ncd3 22. Bxd3 Nxd3 23. Rc4 Nxe1 24. Kxe1 Kd8 25. h4 Rc8 26. Rg4 f5 27. Rf4 Rd5 28. g4 g6 29. gxf5 gxf5 30. Kf1 Ke7 31. a4 b5 32. axb5 axb5 33. h5 Rc4 34. Rxc4 bxc4 35. Ke2 c3 36. Ne1 Rd2+ 37. Ke3 f4+ 38. Kxf4 Rxf2+ 39. Ke3 Rh2 40. Kd3 Rxh5 41. Kd4 Rh1 42. Nc2 Rh3 43. b5 Kd7 44. Nb4 Kc7 45. Kc5 c2 46. b6+ Kb7 47. Na2 Rh1 48. Kd6 Ra1 49. Nc1 Rxc1 50. Kxe6 Rf1 51. Kd7 c1Q 52. e6 Qc6+ 53. Ke7 Re1 0-1